[Event "36th Reggio Emilia it"]
[Site "Reggio Emilia ITA"]
[Date "1993.??.??"]
[Round "1"]
[White "Belotti, Bruno"]
[Black "Godena, Michele"]
[Result "1/2-1/2"]
[WhiteElo "2410"]
[BlackElo "2505"]
[EventDate "1993.12.??"]
[PlyCount "76"]

1.Nf3 e6 2.g3 Nf6 3.Bg2 d5 4.O-O Be7 5.d3 c5 6.Nbd2 Nc6 7.e4 O-O 8.e5 Nd7 
9.Re1 b5 10.Nf1 a5 11.h4 b4 12.N1h2 Ba6 13.Bf4 Qb6 14.Ng5 h6 15.Nh3 Nd4 
16.Rc1 Rfd8 17.Qg4 Nf5 18.Nf1 Nf8 19.Ne3 Bc8 20.h5 Ra7 21.Kh2 a4 22.Ng1 b3
23.axb3 axb3 24.c4 d4 25.Nd1 Nh7 26.Nf3 Bb7 27.Nd2 Rda8 28.Be4 Ra1 29.Rxa1
Rxa1 30.Bxf5 exf5 31.Qxf5 Ng5 32.Bxg5 Bxg5 33.f4 Qb4 34.Nf3 Bxf3 35.Qc8+ 
Kh7 36.Qf5+ Kg8 37.Qc8+ Kh7 38.Qf5+ Kg8 1/2-1/2

[Event "36th Reggio Emilia it"]
[Site "Reggio Emilia ITA"]
[Date "1993.??.??"]
[Round "1"]
[White "Borgo, Giulio"]
[Black "Cvitan, Ognjen"]
[Result "1/2-1/2"]
[WhiteElo "2370"]
[BlackElo "2530"]
[EventDate "1993.12.??"]
[PlyCount "119"]

1.e4 c5 2.Nf3 e6 3.c3 d5 4.exd5 exd5 5.d4 Nc6 6.Be2 Bd7 7.dxc5 Bxc5 8.Nbd2
Nf6 9.Nb3 Bb6 10.O-O O-O 11.Bg5 Re8 12.Qd3 h6 13.Bh4 Bg4 14.Rae1 Re4 15.
Nbd2 Bxf3 16.Nxf3 Qe7 17.Qd1 g5 18.Bg3 Re8 19.Bd3 Re6 20.Bf5 Re2 21.Bd3 
Re6 22.Bf5 Re2 23.Bd3 Rxe1 24.Rxe1 Qd7 25.Rxe8+ Qxe8 26.Kf1 Ne4 27.Bc2 Qe6
28.Bb3 Ne7 29.Nd2 Nc5 30.Bc2 Nf5 31.Qf3 Nxg3+ 32.hxg3 Kg7 33.b4 Nd7 34.Qf5
Nf6 35.Nf3 Ng4 36.Nd4 Bxd4 37.cxd4 Nf6 38.Qxe6 fxe6 39.f3 Ne8 40.g4 Kf6 
41.Ke2 Nd6 42.a4 Nf7 43.Bb3 Nd8 44.Kd3 Nc6 45.Kc3 Ke7 46.g3 Kd6 47.f4 Ne7 
48.Kd3 Ng8 49.Bd1 Nf6 50.Bf3 Ke7 51.Ke3 Kf7 52.Kd3 Kg6 53.Ke3 Nd7 54.Be2 
Kf7 55.Kd2 Nb8 56.Bb5 Ke7 57.a5 Kf6 58.Kc3 Ke7 59.Kd2 Kf6 60.Kc3 1/2-1/2

[Event "36th Reggio Emilia it"]
[Site "Reggio Emilia ITA"]
[Date "1993.??.??"]
[Round "1"]
[White "Cebalo, Miso"]
[Black "Portisch, Lajos"]
[Result "1/2-1/2"]
[WhiteElo "2510"]
[BlackElo "2585"]
[EventDate "1993.12.??"]
[PlyCount "82"]

1.d4 d5 2.Nf3 Nf6 3.c4 e6 4.Nc3 c6 5.Bg5 h6 6.Bxf6 Qxf6 7.e3 Nd7 8.Rc1 Qd8
9.Bd3 Be7 10.O-O O-O 11.e4 dxc4 12.Bxc4 b5 13.Bd3 Qb6 14.e5 Bb7 15.Qe2 
Rfd8 16.Rfd1 a6 17.Be4 Nf8 18.h4 Rd7 19.h5 Rad8 20.a3 f5 21.exf6 Bxf6 22.
b4 Bxd4 23.Nxd4 Rxd4 24.Rxd4 Rxd4 25.Qf3 Qd8 26.Bxc6 Bxc6 27.Qxc6 Rc4 28.
Qf3 Qd2 29.Qe3 Qxe3 30.fxe3 Kf7 31.Ne2 Rxc1+ 32.Nxc1 Nd7 33.Nd3 Kf6 34.e4 
Ne5 35.Nc5 Nc4 36.Nxa6 Nxa3 37.Nc7 Nc2 38.Nxb5 Nxb4 39.Kf2 Nc6 40.Nc7 Nd8 
41.Kf3 Kg5 1/2-1/2

[Event "36th Reggio Emilia it"]
[Site "Reggio Emilia ITA"]
[Date "1993.??.??"]
[Round "1"]
[White "Contin, Daniel"]
[Black "Kozul, Zdenko"]
[Result "1-0"]
[WhiteElo "2385"]
[BlackElo "2595"]
[EventDate "1993.12.??"]
[PlyCount "87"]

1.c4 g6 2.Nc3 Bg7 3.g3 Nf6 4.Bg2 O-O 5.d3 c6 6.e4 d6 7.Nge2 a6 8.a4 a5 9.
O-O Na6 10.h3 e5 11.f4 Nd7 12.f5 Ndc5 13.Be3 Nb4 14.Nc1 b6 15.N3a2 d5 16.
Nxb4 axb4 17.exd5 cxd5 18.Bxd5 Bxf5 19.g4 Be6 20.Bxa8 Qxa8 21.a5 Rd8 22.
Qf3 e4 23.dxe4 Nd7 24.Nd3 bxa5 25.b3 Bxa1 26.Rxa1 f5 27.gxf5 Bxf5 28.Nxb4 
Bxe4 29.Qg4 Bf5 30.Qf4 Nf6 31.Bb6 Nh5 32.Qg5 Rd7 33.Nd5 h6 34.Qe3 Qf8 35.
Rxa5 Nf6 36.Ra8 Qxa8 37.Nxf6+ Kf7 38.Nxd7 Qa1+ 39.Kf2 Bxd7 40.Bd4 Qa2+ 41.
Kg3 g5 42.Qf3+ Kg6 43.Qe4+ Bf5 44.Qe8+ 1-0

[Event "36th Reggio Emilia it"]
[Site "Reggio Emilia ITA"]
[Date "1993.??.??"]
[Round "1"]
[White "Manca, Federico"]
[Black "Sarno, Spartaco"]
[Result "1-0"]
[WhiteElo "2390"]
[BlackElo "2390"]
[EventDate "1993.12.??"]
[PlyCount "50"]

1.e4 d6 2.f4 g6 3.Nf3 Bg7 4.Bc4 c6 5.Nc3 Nf6 6.e5 Nd5 7.d4 Nxc3 8.bxc3 d5 
9.Bd3 c5 10.O-O c4 11.Be2 Qa5 12.a4 Nc6 13.Qd2 Bd7 14.Ba3 Rc8 15.Nh4 Bh6 
16.Qe1 Nd8 17.f5 g5 18.e6 Bxa4 19.Bh5 O-O 20.Bxe7 Qc7 21.Bxf8 Bxf8 22.Rxa4
b5 23.Ra6 gxh4 24.exf7+ Nxf7 25.Qe6 Re8 1-0

[Event "36th Reggio Emilia it"]
[Site "Reggio Emilia ITA"]
[Date "1993.??.??"]
[Round "1"]
[White "Tatai, Stefano"]
[Black "Arlandi, Ennio"]
[Result "1/2-1/2"]
[WhiteElo "2440"]
[BlackElo "2440"]
[EventDate "1993.12.??"]
[PlyCount "74"]

1.d4 d5 2.c4 e6 3.Nc3 Be7 4.Nf3 Nf6 5.Bg5 O-O 6.e3 h6 7.Bh4 b6 8.Be2 Bb7 
9.O-O Nbd7 10.Rc1 c5 11.cxd5 Nxd5 12.Bg3 a6 13.a3 b5 14.Nxd5 Bxd5 15.dxc5 
Nxc5 16.e4 Nxe4 17.Bc7 Qe8 18.Nd2 f5 19.Nxe4 fxe4 20.f4 Qd7 21.Be5 Bd8 22.
Bd4 Rc8 23.Qd2 Bf6 24.Bxf6 gxf6 25.Rxc8 Rxc8 26.Rc1 Rxc1+ 27.Qxc1 Qc6 28.
Qe1 Qc2 29.h3 Bc4 30.Bh5 Kf8 31.Qg3 Be2 32.Bxe2 Qxe2 33.Kh2 Kf7 34.f5 exf5
35.Qc7+ Kg6 36.Qg3+ Kf7 37.Qc7+ Kg6 1/2-1/2

[Event "36th Reggio Emilia it"]
[Site "Reggio Emilia ITA"]
[Date "1993.??.??"]
[Round "2"]
[White "Arlandi, Ennio"]
[Black "Contin, Daniel"]
[Result "1-0"]
[WhiteElo "2440"]
[BlackElo "2385"]
[EventDate "1993.12.??"]
[PlyCount "79"]

1.d4 Nf6 2.c4 e6 3.Nc3 Bb4 4.Qc2 O-O 5.a3 Bxc3+ 6.Qxc3 b6 7.Bg5 c5 8.dxc5 
bxc5 9.e3 Nc6 10.Bd3 Qa5 11.Ne2 Rb8 12.O-O-O Ng4 13.Bh4 Ba6 14.Bg3 d6 15.
Be4 d5 16.Bf3 Nb4 17.Kb1 Nxf2 18.Bxf2 Bxc4 19.Nc1 Nd3 20.Rxd3 Bxd3+ 21.
Qxd3 c4 22.Qc2 Qxa3 23.e4 Rb5 24.Bd4 Rfb8 25.Ne2 e5 26.Bxe5 Ra5 27.Qd1 
Rab5 28.Qd2 dxe4 29.Bxb8 exf3 30.Qd8+ Qf8 31.Qxf8+ Kxf8 32.Bd6+ Ke8 33.
gxf3 Kd7 34.Rd1 Rh5 35.Bg3+ Kc6 36.Rd6+ Kc5 37.Rd7 Rf5 38.f4 h5 39.Rxa7 
Kb6 40.Bf2+ 1-0

[Event "36th Reggio Emilia it"]
[Site "Reggio Emilia ITA"]
[Date "1993.??.??"]
[Round "2"]
[White "Cebalo, Miso"]
[Black "Tatai, Stefano"]
[Result "1-0"]
[WhiteElo "2510"]
[BlackElo "2440"]
[EventDate "1993.12.??"]
[PlyCount "103"]

1.d4 Nf6 2.Nf3 e6 3.c4 Bb4+ 4.Nbd2 d5 5.a3 Be7 6.g3 O-O 7.Bg2 b6 8.cxd5 
Nxd5 9.O-O Bb7 10.Qc2 Nd7 11.Rd1 Qc8 12.e4 N5f6 13.e5 Nd5 14.Ne4 h6 15.Bd2
c5 16.dxc5 Nxc5 17.Rac1 Nd7 18.Qa4 Qe8 19.Nd6 Bxd6 20.exd6 N7f6 21.Qd4 Qd8
22.Ne5 Rc8 23.Bb4 Rxc1 24.Rxc1 a5 25.Bc3 Qxd6 26.Ng4 Ne8 27.Nxh6+ Kh7 28.
Ng4 Nxc3 29.Qxc3 Bxg2 30.Kxg2 Qd5+ 31.Qf3 Qd8 32.Rc6 Nd6 33.Ne5 Kg8 34.Qd3
Nc8 35.Qxd8 Rxd8 36.Nc4 a4 37.Nxb6 Nxb6 38.Rxb6 Rd2 39.h4 g6 40.Kf3 Rc2 
41.Ke3 Kg7 42.f3 Rg2 43.g4 Rh2 44.Rb4 Kh6 45.Kf4 Re2 46.g5+ Kg7 47.Rxa4 
Rxb2 48.Ke5 Rb3 49.Ke4 Rc3 50.Kf4 e5+ 51.Ke4 f5+ 52.Kxe5 1-0

[Event "36th Reggio Emilia it"]
[Site "Reggio Emilia ITA"]
[Date "1993.??.??"]
[Round "2"]
[White "Kozul, Zdenko"]
[Black "Borgo, Giulio"]
[Result "1-0"]
[WhiteElo "2595"]
[BlackElo "2370"]
[EventDate "1993.12.??"]
[PlyCount "61"]

1.d4 Nf6 2.Nf3 c5 3.d5 b5 4.a4 b4 5.Bg5 d6 6.e3 g6 7.Bb5+ Nbd7 8.Bxf6 exf6
9.O-O a5 10.Nbd2 Bh6 11.Nc4 Qc7 12.Nfd2 Bf8 13.Qf3 Be7 14.Qf4 f5 15.e4 O-O
16.exf5 Nf6 17.Ne3 Nh5 18.Qf3 Bf6 19.g4 Ng7 20.c3 h5 21.Ne4 Qd8 22.g5 Be5 
23.f6 Nf5 24.Nc4 Bb7 25.Rad1 Qc8 26.Ng3 Nh4 27.Qe4 Qg4 28.f4 bxc3 29.Ne3 
Qh3 30.fxe5 dxe5 31.bxc3 1-0

[Event "36th Reggio Emilia it"]
[Site "Reggio Emilia ITA"]
[Date "1993.??.??"]
[Round "2"]
[White "Sarno, Spartaco"]
[Black "Belotti, Bruno"]
[Result "1/2-1/2"]
[WhiteElo "2390"]
[BlackElo "2410"]
[EventDate "1993.12.??"]
[PlyCount "43"]

1.c4 Nf6 2.Nc3 c5 3.Nf3 e6 4.g3 b6 5.Bg2 Bb7 6.O-O Be7 7.d4 cxd4 8.Qxd4 d6
9.Rd1 a6 10.b3 Nbd7 11.Bb2 O-O 12.Ng5 Bxg2 13.Kxg2 Qc7 14.Nge4 Qc6 15.f3 
Rfd8 16.Nxf6+ Nxf6 17.Rac1 Bf8 18.e4 Nd7 19.Ne2 Rac8 20.Qe3 Be7 21.Nd4 Qb7
22.Qe2 1/2-1/2

[Event "36th Reggio Emilia it"]
[Site "Reggio Emilia ITA"]
[Date "1993.??.??"]
[Round "3"]
[White "Borgo, Giulio"]
[Black "Arlandi, Ennio"]
[Result "1/2-1/2"]
[WhiteElo "2370"]
[BlackElo "2440"]
[EventDate "1993.12.??"]
[PlyCount "40"]

1.e4 e5 2.Nf3 Nf6 3.Nxe5 d6 4.Nf3 Nxe4 5.d3 Nf6 6.d4 Be7 7.Bd3 Bg4 8.O-O 
O-O 9.c3 Nbd7 10.Nbd2 c6 11.Qc2 Re8 12.h3 Bh5 13.Nh4 Bf8 14.Ndf3 d5 15.Bg5
Qc7 16.Rae1 Bxf3 17.Nxf3 Bd6 18.Rxe8+ Rxe8 19.Re1 Rxe1+ 20.Nxe1 Bf4 
1/2-1/2

[Event "36th Reggio Emilia it"]
[Site "Reggio Emilia ITA"]
[Date "1993.??.??"]
[Round "3"]
[White "Contin, Daniel"]
[Black "Cebalo, Miso"]
[Result "0-1"]
[WhiteElo "2385"]
[BlackElo "2510"]
[EventDate "1993.12.??"]
[PlyCount "86"]

1.c4 e5 2.Nc3 Nf6 3.Nf3 Nc6 4.g3 d5 5.cxd5 Nxd5 6.Bg2 Nb6 7.a3 Be7 8.b4 
Be6 9.d3 a5 10.b5 Nd4 11.Rb1 f6 12.O-O a4 13.Ne1 Ra7 14.e3 Nb3 15.Bb2 O-O 
16.f4 exf4 17.gxf4 Nd5 18.Nc2 Ra5 19.f5 Bf7 20.Bxd5 Bxd5 21.Rf4 Bf7 22.Qe2
Bd6 23.Rh4 Re8 24.Kh1 Qd7 25.Qg2 Qxf5 26.Rg1 Bf8 27.Ne4 Rxe4 28.dxe4 Qe6 
29.e5 f5 30.Qxb7 Qd5+ 31.Qxd5 Bxd5+ 32.e4 Bxe4+ 33.Rxe4 fxe4 34.Rg4 Rxb5 
35.Rxe4 Nc5 36.Rb4 Rxb4 37.Nxb4 Kf7 38.Nd5 Nd3 39.Ba1 Bxa3 40.Nxc7 Bb2 41.
e6+ Ke7 42.Nd5+ Kxe6 43.Nf4+ Kf5 0-1

[Event "36th Reggio Emilia it"]
[Site "Reggio Emilia ITA"]
[Date "1993.??.??"]
[Round "3"]
[White "Godena, Michele"]
[Black "Sarno, Spartaco"]
[Result "0-1"]
[WhiteElo "2505"]
[BlackElo "2390"]
[EventDate "1993.12.??"]
[PlyCount "75"]

1.e4 d6 2.d4 Nf6 3.Bd3 g6 4.Nf3 Bg7 5.O-O O-O 6.c3 Nbd7 7.Re1 e5 8.Na3 Re8
9.Bg5 h6 10.Bh4 g5 11.Bg3 Nh5 12.Nxe5 Nxe5 13.dxe5 dxe5 14.Nc4 Nf4 15.Bf1 
Qxd1 16.Rexd1 a5 17.Ne3 c6 18.f3 Be6 19.Bc4 Bxc4 20.Nxc4 b5 21.Nd6 Red8 
22.Nb7 Rxd1+ 23.Rxd1 a4 24.a3 Bf8 25.Kf1 c5 26.Bxf4 exf4 27.Rd5 Rc8 28.Ke2
b4 29.c4 bxa3 30.bxa3 Rc6 31.Kd3 Rb6 32.Nxc5 Bxc5 33.Rxc5 Rb3+ 34.Kd4 Rxa3
35.Ra5 Kf8 36.c5 Ra2 37.c6 Ke7 38.Kc5 {time} 0-1

[Event "36th Reggio Emilia it"]
[Site "Reggio Emilia ITA"]
[Date "1993.??.??"]
[Round "3"]
[White "Manca, Federico"]
[Black "Kozul, Zdenko"]
[Result "1-0"]
[WhiteElo "2390"]
[BlackElo "2595"]
[EventDate "1993.12.??"]
[PlyCount "79"]

1.e4 c5 2.c3 Nf6 3.e5 Nd5 4.d4 cxd4 5.Nf3 Nc6 6.Bc4 e6 7.cxd4 d6 8.O-O Be7
9.Qe2 O-O 10.Nc3 Nxc3 11.bxc3 dxe5 12.dxe5 Qc7 13.Qe4 Bd7 14.Bd3 g6 15.Bh6
Rfd8 16.Rfe1 Be8 17.Rad1 Rd5 18.c4 Rc5 19.Qf4 Rd8 20.Bg5 Bxg5 21.Qxg5 Qe7 
22.Qf4 Kg7 23.h4 h5 24.Bc2 Rc8 25.Re4 Nb4 26.Bb3 R5c7 27.Ng5 a5 28.a3 Na6 
29.Red4 Nc5 30.Bc2 Na4 31.Bxa4 Bxa4 32.R1d3 Bc2 33.Rd2 Bf5 34.f3 Qxa3 35.
Kh2 Qc1 36.Nxe6+ Bxe6 37.Qf6+ Kh7 38.Rd8 g5 39.hxg5 Qe1 40.Qh6# 1-0

[Event "36th Reggio Emilia it"]
[Site "Reggio Emilia ITA"]
[Date "1993.??.??"]
[Round "4"]
[White "Arlandi, Ennio"]
[Black "Manca, Federico"]
[Result "1/2-1/2"]
[WhiteElo "2440"]
[BlackElo "2390"]
[EventDate "1993.12.??"]
[PlyCount "57"]

1.d4 Nf6 2.c4 c5 3.d5 e6 4.Nc3 exd5 5.cxd5 d6 6.e4 g6 7.h3 Bg7 8.Nf3 O-O 
9.Bd3 a6 10.a4 Re8 11.O-O c4 12.Bc2 Nbd7 13.Be3 Qc7 14.Re1 b6 15.Bd4 Bb7 
16.b3 cxb3 17.Bxb3 Nc5 18.e5 dxe5 19.Nxe5 Nxb3 20.Qxb3 Qd6 21.Nc4 Bxd5 22.
Qxb6 Qc6 23.Bxf6 Rxe1+ 24.Rxe1 Qxc4 25.Rd1 Bc6 26.Rd8+ Bf8 27.Bd4 Rxd8 28.
Qxd8 Qe6 29.a5 1/2-1/2

[Event "36th Reggio Emilia it"]
[Site "Reggio Emilia ITA"]
[Date "1993.??.??"]
[Round "4"]
[White "Cebalo, Miso"]
[Black "Borgo, Giulio"]
[Result "1-0"]
[WhiteElo "2510"]
[BlackElo "2370"]
[EventDate "1993.12.??"]
[PlyCount "89"]

1.d4 Nf6 2.Nf3 c5 3.d5 b5 4.Bg5 Bb7 5.Bxf6 exf6 6.e4 c4 7.Be2 Bc5 8.O-O 
O-O 9.a4 a6 10.axb5 axb5 11.Rxa8 Bxa8 12.Nc3 Qb6 13.b3 cxb3 14.cxb3 Re8 
15.Qd3 b4 16.Na4 Qa7 17.Nxc5 Qxc5 18.Ra1 Bb7 19.Qc4 Qd6 20.Qb5 Ba6 21.Rxa6
Nxa6 22.Qxa6 Qxa6 23.Bxa6 Rxe4 24.Bb5 d6 25.Kf1 Kf8 26.Bd3 Re8 27.Nd4 Re5 
28.Bc4 Re4 29.Nc2 Ke7 30.f3 Re5 31.Nxb4 Kd7 32.Nd3 Re7 33.b4 Kc7 34.Kf2 f5
35.h4 g6 36.Nb2 h6 37.Bb5 g5 38.hxg5 hxg5 39.Nc4 f4 40.Bc6 f5 41.b5 g4 42.
b6+ Kb8 43.b7 g3+ 44.Kf1 Rh7 45.Nb6 1-0

[Event "36th Reggio Emilia it"]
[Site "Reggio Emilia ITA"]
[Date "1993.??.??"]
[Round "4"]
[White "Cvitan, Ognjen"]
[Black "Godena, Michele"]
[Result "1-0"]
[WhiteElo "2550"]
[BlackElo "2505"]
[EventDate "1993.12.??"]
[PlyCount "75"]

1.Nf3 d5 2.c4 c6 3.e3 Nf6 4.Nc3 e6 5.d4 Nbd7 6.Bd3 dxc4 7.Bxc4 b5 8.Bd3 a6
9.e4 c5 10.e5 cxd4 11.Nxb5 Ng4 12.Nbxd4 Bb4+ 13.Bd2 Bxd2+ 14.Qxd2 Bb7 15.
Be2 Ngxe5 16.O-O O-O 17.Rfd1 Qb6 18.Nxe5 Nxe5 19.Qe3 Ng6 20.Rd2 Rfc8 21.
Rad1 Rc7 22.b3 Bd5 23.g3 Rac8 24.Nf5 Qc6 25.Qd4 f6 26.Ne3 Bf3 27.Bxf3 Qxf3
28.Qb6 Qe4 29.Rd8+ Nf8 30.Rxc8 Rxc8 31.Qxa6 Ra8 32.Qe2 Ng6 33.f3 Qe5 34.
Rd2 h5 35.Nc4 Qa1+ 36.Kg2 e5 37.Qe4 Kh7 38.Qxa8 {time} 1-0

[Event "36th Reggio Emilia it"]
[Site "Reggio Emilia ITA"]
[Date "1993.??.??"]
[Round "4"]
[White "Kozul, Zdenko"]
[Black "Belotti, Bruno"]
[Result "1-0"]
[WhiteElo "2595"]
[BlackElo "2410"]
[EventDate "1993.12.??"]
[PlyCount "65"]

1.d4 Nf6 2.Nf3 g6 3.c4 Bg7 4.Nc3 O-O 5.e4 d6 6.Be2 e5 7.O-O Nc6 8.d5 Ne7 
9.Ne1 Nd7 10.Be3 f5 11.f3 f4 12.Bf2 g5 13.a4 Ng6 14.a5 Nf6 15.c5 h5 16.
cxd6 cxd6 17.Nb5 g4 18.Nxa7 Bd7 19.Bb6 Qe7 20.Bb5 h4 21.Bxd7 Qxd7 22.Rc1 
Rf7 23.Rc7 Qe8 24.Rxf7 Kxf7 25.fxg4 Nxe4 26.Nf3 Kg8 27.Qe2 Nf6 28.Nb5 Nxd5
29.Nxd6 Qe6 30.Bc5 Rxa5 31.b4 Ra8 32.Ng5 Qd7 33.Qd3 1-0

[Event "36th Reggio Emilia it"]
[Site "Reggio Emilia ITA"]
[Date "1993.??.??"]
[Round "4"]
[White "Tatai, Stefano"]
[Black "Contin, Daniel"]
[Result "0-1"]
[WhiteElo "2440"]
[BlackElo "2385"]
[EventDate "1993.12.??"]
[PlyCount "58"]

1.e4 e6 2.d4 d5 3.Nc3 Bb4 4.e5 c5 5.a3 Bxc3+ 6.bxc3 Ne7 7.Qg4 O-O 8.Bd3 f5
9.exf6 Rxf6 10.Bg5 e5 11.Qg3 Re6 12.dxe5 Nbc6 13.Bf6 Qf8 14.Bxe7 Rxe7 15.
Nf3 c4 16.Be2 Bf5 17.O-O-O Be4 18.Rhe1 Re6 19.Ng5 Qxa3+ 20.Kd2 Rxe5 21.
Nxe4 dxe4 22.Bxc4+ Kh8 23.Ke2 Qc5 24.Bb3 Rf8 25.Kf1 e3 26.f3 Qxc3 27.Rd7 
e2+ 28.Kg1 Rg5 29.Qf2 Ne5 0-1

[Event "36th Reggio Emilia it"]
[Site "Reggio Emilia ITA"]
[Date "1993.??.??"]
[Round "5"]
[White "Belotti, Bruno"]
[Black "Arlandi, Ennio"]
[Result "1/2-1/2"]
[WhiteElo "2410"]
[BlackElo "2440"]
[EventDate "1993.12.??"]
[PlyCount "137"]

1.e4 e5 2.Nf3 Nf6 3.d3 Nc6 4.Be2 d5 5.Nbd2 g6 6.O-O Bg7 7.c3 O-O 8.b4 a6 
9.Bb2 b6 10.a4 Bb7 11.Qc2 Re8 12.Rfe1 Nb8 13.c4 d4 14.c5 b5 15.axb5 axb5 
16.Rxa8 Bxa8 17.Ra1 Nc6 18.Qb3 Bb7 19.Nb1 Bc8 20.Bc1 Be6 21.Qa3 Qb8 22.Bd2
Qb7 23.Bd1 h6 24.Be1 Rb8 25.Nfd2 Nd7 26.Bb3 Nf8 27.g3 h5 28.Bxe6 Nxe6 29.
Nb3 Ng5 30.N1d2 Bh6 31.h4 Ne6 32.Nf3 Qc8 33.Qa6 Qd7 34.Na5 Ned8 35.Nxc6 
Nxc6 36.Kg2 Kf8 37.Qa2 f6 38.Qb3 Qf7 39.Qxf7+ Kxf7 40.Ra6 Nd8 41.Bd2 Bg7 
42.Ne1 Ke7 43.f4 exf4 44.gxf4 Kd7 45.Nf3 Nc6 46.Rxc6 Kxc6 47.Nxd4+ Kd7 48.
f5 g5 49.Ne6 Rg8 50.Kg3 Bh6 51.Kh2 Ra8 52.hxg5 fxg5 53.Bxg5 Bxg5 54.Nxg5 
Ra4 55.d4 Rxb4 56.d5 Rd4 57.f6 b4 58.c6+ Kd6 59.Nf7+ Kc5 60.Ng5 Rd2+ 61.
Kg3 Ra2 62.Ne6+ Kd6 63.f7 Ra8 64.e5+ Kxe5 65.Nxc7 Rf8 66.Ne6 Rxf7 67.c7 
Rxc7 68.Nxc7 Kd6 69.Na8 1/2-1/2

[Event "36th Reggio Emilia it"]
[Site "Reggio Emilia ITA"]
[Date "1993.??.??"]
[Round "5"]
[White "Borgo, Giulio"]
[Black "Tatai, Stefano"]
[Result "0-1"]
[WhiteElo "2370"]
[BlackElo "2440"]
[EventDate "1993.12.??"]
[PlyCount "66"]

1.e4 e5 2.Nf3 Nc6 3.Bb5 a6 4.Ba4 Nf6 5.O-O Be7 6.Bxc6 dxc6 7.d3 Nd7 8.b3 
c5 9.Bb2 Bd6 10.Nbd2 b5 11.a4 Rb8 12.h3 O-O 13.Nh2 Re8 14.Ng4 Nf8 15.Ne3 
Ne6 16.g3 Nd4 17.Kg2 g6 18.c3 Ne6 19.axb5 axb5 20.Nf3 Bb7 21.Nd5 f5 22.Bc1
Bf8 23.c4 Bg7 24.Ra7 c6 25.Nc3 Qb6 26.Ra2 Rbd8 27.Qe2 Nd4 28.Qd1 Bc8 29.
Be3 Nxf3 30.Qxf3 Rxd3 31.Rc2 f4 32.Bxc5 Qd8 33.Rd1 Bxh3+ 0-1

[Event "36th Reggio Emilia it"]
[Site "Reggio Emilia ITA"]
[Date "1993.??.??"]
[Round "5"]
[White "Godena, Michele"]
[Black "Kozul, Zdenko"]
[Result "0-1"]
[WhiteElo "2505"]
[BlackElo "2595"]
[EventDate "1993.12.??"]
[PlyCount "67"]

1.e4 c5 2.c3 Nf6 3.e5 Nd5 4.d4 cxd4 5.Nf3 Nc6 6.cxd4 d6 7.Bc4 e6 8.O-O Be7
9.Qe2 Qc7 10.Bxd5 exd5 11.Nc3 Be6 12.Nb5 Qd7 13.Bg5 dxe5 14.Bxe7 Qxe7 15.
dxe5 O-O 16.Rad1 Rfd8 17.h3 Bf5 18.Nfd4 Bg6 19.f4 f6 20.f5 Bf7 21.e6 Be8 
22.Nc3 Qc5 23.Qb5 b6 24.Qxc5 bxc5 25.e7 Nxe7 26.Ne6 Rd6 27.Nxc5 d4 28.N3e4
Rd5 29.g4 Rc8 30.b4 Nc6 31.a3 Ne5 32.Kf2 Bc6 33.Rc1 Rdd8 34.Rfd1 0-1

[Event "36th Reggio Emilia it"]
[Site "Reggio Emilia ITA"]
[Date "1993.??.??"]
[Round "5"]
[White "Manca, Federico"]
[Black "Cebalo, Miso"]
[Result "0-1"]
[WhiteElo "2390"]
[BlackElo "2510"]
[EventDate "1993.12.??"]
[PlyCount "88"]

1.e4 c5 2.c3 d6 3.d4 Nf6 4.Bd3 g6 5.Ne2 cxd4 6.cxd4 Bg7 7.Nd2 O-O 8.O-O 
Nc6 9.h3 e5 10.d5 Nb4 11.Bb1 a5 12.Nc3 Bd7 13.a3 Na6 14.a4 Rc8 15.Bd3 Nc5 
16.Bb5 Bxb5 17.axb5 Bh6 18.Qe2 Nh5 19.g3 Bxd2 20.Bxd2 Nb3 21.Ra3 Nxd2 22.
Qxd2 Rc4 23.Rfa1 b6 24.Ra4 Rc5 25.b4 axb4 26.Rxb4 Qd7 27.Na4 Ra8 28.Kg2 
Qc7 29.Rab1 Rc2 30.Qe3 Rb8 31.R1b2 Rc1 32.Rb1 Rxb1 33.Rxb1 Qc4 34.Nc3 Rc8 
35.Rc1 Rc5 36.Qg5 Kg7 37.Qe7 Qd4 38.Qxd6 Rxc3 39.Rxc3 Qxc3 40.Qxb6 Qd3 41.
Qc6 Qxe4+ 42.Kg1 Qd4 43.b6 Nxg3 44.b7 Ne2+ 0-1

[Event "36th Reggio Emilia it"]
[Site "Reggio Emilia ITA"]
[Date "1993.??.??"]
[Round "5"]
[White "Sarno, Spartaco"]
[Black "Cvitan, Ognjen"]
[Result "0-1"]
[WhiteElo "2390"]
[BlackElo "2550"]
[EventDate "1993.12.??"]
[PlyCount "132"]

1.c4 g6 2.d4 Nf6 3.Nc3 Bg7 4.e4 d6 5.f3 O-O 6.Be3 e5 7.d5 c6 8.Bd3 cxd5 9.
cxd5 Nh5 10.Nge2 f5 11.exf5 gxf5 12.O-O Nd7 13.Kh1 Ndf6 14.Rc1 Kh8 15.Bc4 
a6 16.Bb3 Rg8 17.Na4 Nd7 18.f4 b5 19.Nac3 Qh4 20.Rf3 Qg4 21.Qf1 exf4 22.
Nxf4 Ne5 23.Rh3 Nxf4 24.Bxf4 Bd7 25.Re1 b4 26.Bd1 Qg6 27.Bh5 Qf6 28.Nd1 
Bb5 29.Be2 Qf7 30.Ne3 Rge8 31.Bxb5 axb5 32.Qxb5 Ng4 33.Rf1 Rxa2 34.Qd3 Ra1
35.Rf3 Rxf1+ 36.Rxf1 Nxe3 37.Bxe3 Bxb2 38.g4 Re5 39.Rxf5 Rxf5 40.gxf5 Be5 
41.Kg2 Qh5 42.h3 Qh4 43.Bf2 Qf4 44.Be1 Kg7 45.Bd2 Qh2+ 46.Kf1 Kf6 47.Qe3 
Qh1+ 48.Ke2 Qg2+ 49.Kd1 Qf1+ 50.Kc2 Qc4+ 51.Kd1 Kxf5 52.Qg5+ Ke4 53.Qg4+ 
Kxd5 54.Bxb4 Qxg4+ 55.hxg4 Ke4 56.Ke2 d5 57.Bd2 Bf4 58.Be1 Be3 59.Bb4 d4 
60.Ba5 d3+ 61.Kf1 Kf3 62.Bb4 Kxg4 63.Kg2 h5 64.Bc3 h4 65.Bb4 h3+ 66.Kh1 
Bf4 0-1

[Event "36th Reggio Emilia it"]
[Site "Reggio Emilia ITA"]
[Date "1993.??.??"]
[Round "6"]
[White "Arlandi, Ennio"]
[Black "Godena, Michele"]
[Result "0-1"]
[WhiteElo "2440"]
[BlackElo "2505"]
[EventDate "1993.12.??"]
[PlyCount "62"]

1.d4 Nf6 2.c4 g6 3.Nc3 Bg7 4.e4 O-O 5.Nf3 c6 6.e5 Ne8 7.Be2 d6 8.Bf4 Bg4 
9.O-O Nd7 10.Re1 Bxf3 11.Bxf3 dxe5 12.dxe5 Nc7 13.Bg3 Ne6 14.b4 Qc7 15.Bg4
a5 16.Bxe6 fxe6 17.Qg4 Rf5 18.f4 Qb6+ 19.Bf2 Qxb4 20.Ne2 Raf8 21.Nd4 Nxe5 
22.fxe5 Rxf2 23.Nxe6 R8f5 24.Rad1 Rd2 25.Rb1 Qc3 26.Rxb7 Rb2 27.Rd1 Rxb7 
28.h4 Qxe5 29.Rd8+ Rf8 30.Nxf8 Qe1+ 31.Kh2 Be5+ 0-1

[Event "36th Reggio Emilia it"]
[Site "Reggio Emilia ITA"]
[Date "1993.??.??"]
[Round "6"]
[White "Cebalo, Miso"]
[Black "Belotti, Bruno"]
[Result "0-1"]
[WhiteElo "2510"]
[BlackElo "2410"]
[EventDate "1993.12.??"]
[PlyCount "80"]

1.d4 Nf6 2.Nf3 e6 3.c4 b6 4.Nc3 Bb7 5.a3 d5 6.cxd5 Nxd5 7.e3 Be7 8.Bd3 O-O
9.O-O c5 10.e4 Nxc3 11.bxc3 Ba6 12.Bf4 Qc8 13.d5 exd5 14.exd5 Bf6 15.Rc1 
Bxd3 16.Qxd3 c4 17.Qd2 Nd7 18.d6 Nc5 19.Rcd1 Qf5 20.Nd4 Bxd4 21.cxd4 Nd3 
22.Bg3 Qd5 23.Qc3 h6 24.a4 Rab8 25.Rb1 a6 26.h3 Rb7 27.Rfd1 b5 28.Qa5 Qc6 
29.axb5 axb5 30.Rd2 b4 31.Qf5 Rb5 32.Qg4 h5 33.Qd1 Qd5 34.Re2 Qxd4 35.Re7 
c3 36.d7 Rd5 37.Qa4 Nc5 38.Qxb4 c2 39.Re8 cxb1=Q+ 40.Qxb1 Qd1+ 0-1

[Event "36th Reggio Emilia it"]
[Site "Reggio Emilia ITA"]
[Date "1993.??.??"]
[Round "6"]
[White "Contin, Daniel"]
[Black "Borgo, Giulio"]
[Result "1-0"]
[WhiteElo "2385"]
[BlackElo "2370"]
[EventDate "1993.12.??"]
[PlyCount "85"]

1.c4 Nf6 2.Nc3 c5 3.g3 d5 4.cxd5 Nxd5 5.Bg2 Nb6 6.d3 e5 7.Be3 Be7 8.Rc1 
Na6 9.Nf3 Nd5 10.Nxe5 Nxe3 11.fxe3 O-O 12.Qb3 Bf6 13.Nc4 Rb8 14.Nd5 b5 15.
Nd2 Be6 16.Nxf6+ Qxf6 17.Qa3 Rb6 18.Ne4 Qh6 19.Kd2 Bd5 20.Rcf1 Bb7 21.Nf6+
Rxf6 22.Bxb7 Re8 23.Rf4 Nb4 24.Rhf1 Rxf4 25.Rxf4 Qb6 26.Be4 g6 27.Qb3 Re7 
28.a3 Na6 29.Bd5 c4 30.dxc4 Nc5 31.Qxb5 Nb3+ 32.Kc2 Rxe3 33.Qxb6 axb6 34.
Rxf7 Kh8 35.Rf4 Nc5 36.Rf2 g5 37.Kd2 Rb3 38.Kc1 Re3 39.Rf6 Nb3+ 40.Kd1 Nd4
41.Rxb6 Rxe2 42.a4 Rxh2 43.a5 1-0

[Event "36th Reggio Emilia it"]
[Site "Reggio Emilia ITA"]
[Date "1993.??.??"]
[Round "6"]
[White "Kozul, Zdenko"]
[Black "Sarno, Spartaco"]
[Result "1-0"]
[WhiteElo "2595"]
[BlackElo "2390"]
[EventDate "1993.12.??"]
[PlyCount "59"]

1.d4 Nf6 2.Nf3 g6 3.c4 Bg7 4.Nc3 d5 5.Qb3 dxc4 6.Qxc4 O-O 7.e4 a6 8.e5 
Nfd7 9.h4 b5 10.Qb3 Nb6 11.h5 Nc6 12.Be3 Na5 13.Qc2 Nac4 14.Bd3 c5 15.dxc5
Nxe3 16.fxe3 Nc4 17.hxg6 hxg6 18.Bxc4 bxc4 19.Qe4 Rb8 20.Qh4 Re8 21.Rd1 
Qa5 22.Qh7+ Kf8 23.O-O Qxc5 24.Rd4 Bf5 25.Ne4 Qc6 26.Neg5 Rxb2 27.e4 c3 
28.exf5 c2 29.Ne6+ fxe6 30.fxe6 1-0

[Event "36th Reggio Emilia it"]
[Site "Reggio Emilia ITA"]
[Date "1993.??.??"]
[Round "6"]
[White "Tatai, Stefano"]
[Black "Manca, Federico"]
[Result "1/2-1/2"]
[WhiteElo "2440"]
[BlackElo "2390"]
[EventDate "1993.12.??"]
[PlyCount "83"]

1.e4 d6 2.d4 Nf6 3.Nc3 g6 4.Nf3 Bg7 5.Be2 O-O 6.O-O Bg4 7.Bg5 Nc6 8.h3 
Bxf3 9.Bxf3 Nd7 10.Ne2 Qe8 11.c3 e5 12.Re1 Kh8 13.Qd2 Ne7 14.Ng3 Ng8 15.
Bd1 f6 16.Be3 Rf7 17.Bb3 Re7 18.a4 a5 19.Rad1 Qf8 20.Qd3 Bh6 21.Nf1 Bxe3 
22.Nxe3 Nb6 23.Qc2 Qg7 24.Bd5 Nxd5 25.Nxd5 Rf7 26.Qb3 b6 27.Ne3 Raf8 28.
Qc4 Nh6 29.Qd5 Re7 30.Nc4 Qf7 31.dxe5 fxe5 32.Qxf7 Nxf7 33.b4 axb4 34.cxb4
Ra8 35.Ra1 Ng5 36.Ne3 Ne6 37.Nd5 Rf7 38.Rec1 Ra7 39.a5 bxa5 40.Rxa5 Rb7 
41.Ra8+ Kg7 42.Rc8 1/2-1/2